Mega Click to Translate: Swedish - Statistics

General Stats
  • This quiz has been taken 57 times
  • The average score is 29 of 50
Answer Stats
Hint Answer % Correct
king kung
86%
paper papper
86%
eat äta
82%
bird fågel
82%
meat kött
82%
beer öl
82%
pink rosa
82%
boat båt
73%
flower blomma
73%
woman kvinna
73%
language språk
73%
old gammal
68%
war krig
68%
when när
68%
and och
68%
sing sjunga
68%
think tänka
68%
good bra
64%
mountain fjäll
64%
how hur
64%
love kärlek
64%
news nyheter
64%
laugh skratta
64%
or eller
59%
bat fladdermus
59%
sea hav
59%
saw såg
59%
road väg
59%
river flod
55%
wife fru
55%
snake orm
55%
breathe andas
50%
fire eld
50%
towel handduk
50%
right höger
50%
speak tala
50%
iron järn
45%
tie knyta
45%
song låt
45%
cave grotta
41%
climb klättra
41%
back rygg
41%
sweater tröja
41%
leaf blad
36%
brain hjärna
36%
count räkna
36%
stew gryta
32%
hill kulle
32%
stick pinne
32%
mind sinne
23%
No matching quizzes found
Score Distribution
Percent of People with Each Score
Percentile by Number Answered
Your Score History
You have not taken this quiz